000 00823nam a2200253Ia 4500
003 OSt
005 20220923221058.0
006 a|||||r|||| 00| 0
007 ta
008 220922b |||||||| |||| 00| 0 hin d
024 _a194,695
037 _cTextual
040 _aARTS
_cARTS
_bhin
041 _2hin
_ahin
082 _aO152,3:g(Y), N0
100 _aपालीवाल, सूरज
_9156275
245 0 _aरचना का सामाजिक आधार
246 _aRachanā kā sāmājik ādhāra
260 _aजयपुर
_b साहित्यागार प्रकाशन
_c1990
300 _a117पृ.
_ccm.
650 _aहिन्दी कहानी
942 _hO152,3:g(Y), N0
_cTEXL
_2CC
999 _c346959
_d346959